Ki vagyok én? És ha igen, akkor hány? gondolatok az élet értelméről egy átmulatott éjszaka után

Elmentve itt :
Bibliográfiai részletek
Szerző: Precht, Richard David
További közreműködők: Bozai Ágota
Adatforrás:Philobibl
Dokumentumtípus: Könyv
Nyelv:magyar
Kulcsszavak:filozófia, német
Megjelent: Budapest HVG 2012
Sorozat:HVG könyvek
LEADER 00525nam a2200157uc 4500
001 bibPHI0043616
005 20200924125140.5
008 120328s2012 hu 001 0dhun d
100 1 |a Precht, Richard David 
245 1 0 |a Ki vagyok én? És ha igen, akkor hány?  |b gondolatok az élet értelméről egy átmulatott éjszaka után  |c Richard David Precht ; [ford. Bozai Ágota ...] 
260 |a Budapest  |b HVG  |c 2012 
300 |a 395 p. 
490 1 |a HVG könyvek 
695 |a filozófia, német 
700 1 |a Bozai Ágota 
830 0 |a HVG könyvek